Cumul des lettres des personnages d'Harry Potter - Statistiques

Statistiques générales
  • Ce quiz a été pris 24 fois
  • Le résultat moyen est 3 sur 24
Statistiques - réponses
Nombre Lettre % Correct
394 E
100%
302 A
81%
298 R
43%
238 O
24%
201 I
14%
202 L / N
10%
174 S
10%
18 J
5%
45 K
5%
2 Q
5%
129 T
5%
40 V / W
5%
3 X
5%
6 Z
5%
79 B
0%
100 C
0%
105 D
0%
39 F
0%
113 G
0%
58 H
0%
97 M
0%
54 P
0%
126 U
0%
63 Y
0%
Aucun quiz correspondant
Distribution des résultats
% des personnes avec chaque résultat
Percentile par nombre de réponses
Votre historique - résultats
Vous n’avez pas pris ce quiz